000 00291nam a2200121Ia 4500
008 220204s9999 xx 000 0 und d
082 _a595.7
_bBLA.5
100 _aBLANEY, Walter M
245 0 _aHow insects live. V 5.
260 _aOxford
_bElsevier
_c1976
650 _aInsects
942 _cBK
999 _c25593
_d25593